01533 a2200181 45000010006000000050017000060080041000230030015000640400040000790800117001192450038002360200022002742640051002963000019003475050943003661000020013097000022013294631620260407155735.0260407a1992 arg spa dAR-UNSa-BCEJYS aAR-UNSa-BCEJYSbspacAR-UNSa-BCEJYS a338.2xPolítica económica. Control de la economía. Gestión de la economía. Planificación económica10aNociones de economía política a978-950-572-108-5 1aBuenos Aires :bVíctor P. de Zavalíac1992 a148 p.c20 cm. a1. El hombre y su entorno económico y social – 2. El principio de racionalidad – 3. El surgimiento de la Economía Política – 4. Los discursos económicos – 5. Los discursos económicos – 6. Los discursos económicos – 7. El circuito de producción – 8. El cálculo económico elemental – 9. Visión elemental sobre los precios (I) – 10. Visión elemental sobre los precios (II) – 11. Circuito de producción y relaciones sociales – 12. Nota introductoria al problema de la distribución – 13. Un modelo simple de economía agregada (I) – 14. Noción de excedente físico de producción – 15. Un modelo simple de economía agregada (II) – 16. Introducción a las cuentas nacionales o a la contabilidad social – 17. El dinero – 18. Salario – 19. Competencias y formas de competencias – 20. Estado y Planificación – 21. Economía internacional – 22. Acumulación y crisis. 1 aBurkún, Mario1 aSpagnolo, Alberto